书目信息 |
| 题名: |
市政工程工程量清单计价与投标详解
|
|
| 作者: | 袁旭东 主编 | |
| 分册: | ||
| 出版信息: | 北京 中国建筑工业出版社 2013.09 |
|
| 页数: | 249页 | |
| 开本: | 26cm | |
| 丛书名: | 建设工程工程量清单计价与投标详解系列 | |
| 单 册: | ||
| 中图分类: | TU723 | |
| 科图分类: | ||
| 主题词: | 市政工程--shi zheng gong cheng--工程造价 | |
| 电子资源: | ||
| ISBN: | 978-7-112-15632-0 | |
| 000 | 01135nam 2200277 450 | |
| 001 | 0100122179 | |
| 005 | 20240402160909.60 | |
| 010 | @a978-7-112-15632-0@dCNY40.00 | |
| 100 | @a20131022d2013 em y0chiy50 ea | |
| 101 | 0 | @achi |
| 102 | @aCN@b110000 | |
| 105 | @ak a 000yy | |
| 200 | 1 | @a市政工程工程量清单计价与投标详解@Ashi zheng gong cheng gong cheng liang qing chan ji jia yu tou biao xiang jie@f袁旭东主编@Fyuan xu dong zhu bian |
| 210 | @a北京@c中国建筑工业出版社@d2013.09 | |
| 215 | @a249页@d26cm | |
| 225 | 2 | @a建设工程工程量清单计价与投标详解系列@Ajian she gong cheng gong cheng liang qing dan ji jia yu tou biao xiang jie xi lie |
| 320 | @a有书目 (第249页) | |
| 330 | @a本书全面阐述了市政工程清单计价的编制以及招投标, 并在相关章节的后还增设了例题, 便于读者进一步理解和掌握相关知识。 | |
| 410 | 0 | @12001 @a建设工程工程量清单计价与投标详解系列 |
| 540 | @a市政工程工程量清单计价与投标详解 | |
| 606 | 0 | @a市政工程@Ashi zheng gong cheng@x工程造价 |
| 690 | @aTU723@v5 | |
| 701 | 0 | @a袁旭东@Ayuan xu dong@4主编 |
| 801 | @aCN@b河南城建学院图书馆 | |
| 901 | @a1417 | |
| 905 | @b1101134-6@dTU723@eY910@f3@a241430 | |
| 市政工程工程量清单计价与投标详解/袁旭东主编.-北京:中国建筑工业出版社,2013.09 |
| 249页;26cm.-(建设工程工程量清单计价与投标详解系列) |
| ISBN 978-7-112-15632-0:CNY40.00 |
| 本书全面阐述了市政工程清单计价的编制以及招投标, 并在相关章节的后还增设了例题, 便于读者进一步理解和掌握相关知识。 |
| ● |
| 相关链接 |
|
|
|
正题名:市政工程工程量清单计价与投标详解
索取号:TU723/Y910
 
预约/预借
| 序号 | 登录号 | 条形码 | 馆藏地/架位号 | 状态 | 备注 |
| 1 | 1101134 | 211011340 | 建筑库201/201建筑库 31排2列2层/ [索取号:TU723/Y910] | 在馆 | |
| 2 | 1101135 | 211011359 | 建筑库201/201建筑库 31排2列2层/ [索取号:TU723/Y910] | 在馆 | |
| 3 | 1101136 | 211011368 | 建筑库201/201建筑库 31排2列2层/ [索取号:TU723/Y910] | 在馆 | |
| 4 | 1307306 | 213073065 | 建筑库201/201建筑库 31排2列2层/ [索取号:TU723/Y910] | 在馆 | |
| 5 | 1307307 | 213073074 | 建筑库201/201建筑库 31排2列2层/ [索取号:TU723/Y910] | 在馆 | |
| 6 | 1307308 | 213073083 | 建筑库201/201建筑库 31排2列2层/ [索取号:TU723/Y910] | 在馆 | |
| 7 | 1550838 | 215508387 | 建筑库201/201建筑库 31排2列2层/ [索取号:TU723/Y910] | 在馆 | |
| 8 | 1550839 | 215508396 | 建筑库201/201建筑库 31排2列2层/ [索取号:TU723/Y910] | 在馆 | |
| 9 | 1550840 | 215508403 | 建筑库201/201建筑库 31排2列2层/ [索取号:TU723/Y910] | 在馆 |